| 000 | 01368cam a22003497a 4500 | ||
|---|---|---|---|
| 001 | 13299128 | ||
| 005 | 20170105102347.0 | ||
| 008 | 030801s2003 nyua b 001 0 eng d | ||
| 010 | _a 2003276062 | ||
| 015 | _aGBA3-Z2126 | ||
| 020 | _a0471200239 | ||
| 035 | _a(DLC)13299128 | ||
| 040 |
_aUKM _cUKM _dNIC _dDLC |
||
| 042 | _alccopycat | ||
| 050 | 0 | 0 |
_aTK6560 _b.E333 2003 |
| 082 | 0 | 4 |
_a621.38412 _221 |
| 100 | 1 | _aEgan, William F. | |
| 245 | 1 | 0 |
_a Practical RF system design _cWilliam F. Egan. |
| 246 | 3 | _aPractical radio frequency system design | |
| 260 |
_aNew York : _bIEEE ; _aHoboken, N.J. : _bWiley-Interscience, _cc2003. |
||
| 300 |
_axxv, 386 p. : _bill. ; _c25 cm. |
||
| 504 | _aIncludes bibliographical references (p. 371-377) and index. | ||
| 650 | 0 |
_aRadio circuits _xDesign and construction. |
|
| 650 | 0 | _aRadio frequency. | |
| 856 | 4 | 2 |
_3Contributor biographical information _uhttp://www.loc.gov/catdir/bios/wiley046/2003276062.html |
| 856 | 4 | 2 |
_3Publisher description _uhttp://www.loc.gov/catdir/description/wiley0310/2003276062.html |
| 856 | 4 | 1 |
_3Table of contents _uhttp://www.loc.gov/catdir/toc/wiley032/2003276062.html |
| 906 |
_a7 _bcbc _ccopycat _d3 _encip _f20 _gy-gencatlg |
||
| 942 |
_2ddc _cBK |
||
| 999 |
_c11727 _d11727 |
||